Waste land a world in permanent crisis / (Record no. 126884)

MARC details
000 -LEADER
campo de control de longitud fija 02398nam a22002417a 4500
003 - IDENTIFICADOR DE NÚMERO DE CONTROL
campo de control BJBSDDR
005 - FECHA Y HORA DE LA ÚLTIMA TRANSACCIÓN
campo de control 20260422104539.0
007 - CAMPO FIJO DE DESCRIPCIÓN FÍSICA--INFORMACIÓN GENERAL
campo de control de longitud fija ta
008 - DATOS DE LONGITUD FIJA--INFORMACIÓN GENERAL
campo de control de longitud fija 260422s2025 nyu||||| |||| 00| 0 eng d
020 ## - NÚMERO INTERNACIONAL ESTÁNDAR DEL LIBRO
Número Internacional Estándar del Libro 9780593730324
020 ## - NÚMERO INTERNACIONAL ESTÁNDAR DEL LIBRO
Número Internacional Estándar del Libro 0593730321
040 ## - FUENTE DE CATALOGACIÓN
Lengua de catalogación spa
Centro/agencia transcriptor BJBSDDR
041 ## - CÓDIGO DE IDIOMA
Código de lengua del texto/banda sonora o título independiente eng
050 ## - SIGNATURA TOPOGRÁFICA DE LA BIBLIOTECA DEL CONGRESO
Número de ítem K17 2025
100 1# - ENTRADA PRINCIPAL--NOMBRE DE PERSONA
Nombre de persona Kaplan, Robert D.
Forma completa/desarrollada del nombre (Robert David),
Fechas asociadas al nombre 1952-
9 (RLIN) 21125
245 10 - MENCIÓN DEL TÍTULO
Título Waste land a world in permanent crisis /
Mención de responsabilidad, etc. Robert D. Kaplan
260 ## - PUBLICACIÓN, DISTRIBUCIÓN, ETC.
Lugar de publicación, distribución, etc. New York :
Nombre del editor, distribuidor, etc. Random House,
Fecha de publicación, distribución, etc. 2025
300 ## - DESCRIPCIÓN FÍSICA
Extensión 207 pages ;
Dimensiones 24 cm
505 ## - NOTA DE CONTENIDO CON FORMATO
Nota de contenido con formato <br/>Weimar goes global<br/>The great powers in decline<br/>Crowds in chaos
520 ## - RESUMEN, ETC.
Sumario, etc. We are entering a new era of global cataclysm in which the world faces a deadly mix of war, climate change, great power rivalry, rapid technological advancement, the end of both monarchy and empire, and countless other dangers. In Waste Land, Robert D. Kaplan, geopolitical expert and author of more than twenty books on world affairs, incisively explains how we got here and where we are going. Kaplan makes a novel argument that the current geopolitical landscape must be considered alongside contemporary social phenomena such as urbanization and digital news media, grounding his ideas in foundational modern works of philosophy, politics, and literature, including the poem from which the title is borrowed, and celebrating a canon of traditionally conservative thinkers, including Alexander Solzhenitsyn, Jeane Kirkpatrick, and many others. As in many of his books, Kaplan looks to history and literature to inform the present, drawing particular comparisons between today's challenges and the Weimar Republic, the post-World War I democratic German government that fell to Nazism in the 1930s. Just as in Weimar, which faced myriad crises inextricably bound up with global systems, the singular dilemmas of the twenty-first century-pandemic disease, recession, mass migration, the destabilizing effects of large-scale democracy and great power conflicts, and the intimate bonds created by technology-mean that every disaster in one country has the potential to become a global crisis, too. According to Kaplan, the solutions lie in prioritizing order in governing systems, arguing that stability and historic liberalism rather than mass democracy per se will save global populations from an anarchic future.
942 ## - ELEMENTOS DE ENTRADA SECUNDARIOS (KOHA)
Fuente del sistema de clasificación o colocación Clasificación de Library of Congress
Suprimir en OPAC No
Tipo de ítem Koha Libro
946 ## - PROCESAMIENTO DE INFORMACIÓN LOCAL (OCLC)
Iniciales del agente catalogador cmc
Holdings
Estatus retirado Estado de pérdida Fuente del sistema de clasificación o colocación Estado de daño No para préstamo Colección Biblioteca de origen Biblioteca actual Ubicación en estantería Fecha de adquisición Signatura topográfica completa Código de barras Visto por última vez Copia número Tipo de ítem Koha
    Clasificación de Library of Congress     Automatización y Procesos Técnicos Biblioteca Juan Bosch Biblioteca Juan Bosch Automatización y Procesos Técnicos (1er. Piso) 22/04/2026 K17 2025 00000198978 22/04/2026 1 Libro